Growing chrysanthemums (Record no. 38038)

MARC details
000 -LEADER
fixed length control field 00335nam a2200133Ia 4500
082 ## - DEWEY DECIMAL CLASSIFICATION NUMBER
Classification number 635.9
Item number RAN
100 ## - MAIN ENTRY--AUTHOR NAME
Personal name RANDALL, Harry
245 #0 - TITLE STATEMENT
Title Growing chrysanthemums
260 ## - PUBLICATION, DISTRIBUTION, ETC. (IMPRINT)
Place of publication London
Name of publisher Croom Helm
Year of publication 1983
650 ## - SUBJECT ADDED ENTRY--TOPICAL TERM
Topical Term Chrysanthemum cultivation
700 ## - ADDED ENTRY--PERSONAL NAME
Personal name WREN, Alan
942 ## - ADDED ENTRY ELEMENTS (KOHA)
Koha item type Books
Holdings
Withdrawn status Lost status Damaged status Not for loan Home library Current library Date acquired Full call number Accession Number Koha item type
        RRII Library RRII Library 16/12/2021 635.9 RAN 18406 Books